Principles of geology (Record no. 114052)

MARC details
000 -LEADER
fixed length control field 00683cam a22001935a 4500
001 - CONTROL NUMBER
control field L156135
008 - FIXED-LENGTH DATA ELEMENTS--GENERAL INFORMATION
fixed length control field 120501s1872 xxk f 000 0 eng d
035 ## - SYSTEM CONTROL NUMBER
System control number (Sirsi) u156135
041 0# - LANGUAGE CODE
Language code of text/sound track or separate title eng
100 1# - MAIN ENTRY--PERSONAL NAME
Personal name Lyell, Charles
Titles and words associated with a name Sir
Dates associated with a name 1797-1875
245 00 - TITLE STATEMENT
Title Principles of geology
Remainder of title or, The modern changes of the earth and its inhabitants considered as illustrative of geology
250 ## - EDITION STATEMENT
Edition statement 11th and entirely rev. ed.
260 ## - PUBLICATION, DISTRIBUTION, ETC.
Place of publication, distribution, etc. London
Name of publisher, distributor, etc. J. Murray
Date of publication, distribution, etc. 1872
300 ## - PHYSICAL DESCRIPTION
Extent 2 v.
Other physical details fronts., illus., vi pl. (incl. fold. map)
Dimensions 22 cm.
583 ## - ACTION NOTE
Action Condition reviewed
Time/date of action 20120620
Status condition level 2 and 2
651 #4 - SUBJECT ADDED ENTRY--GEOGRAPHIC NAME
Geographic name Great Britain
Chronological subdivision 1707-
690 ## - LOCAL SUBJECT ADDED ENTRY--TOPICAL TERM (OCLC, RLIN)
Topical term or geographic name as entry element Minerals and waste
9 (RLIN) 6257
942 ## - ADDED ENTRY ELEMENTS (KOHA)
Suppress in OPAC 0
Holdings
Withdrawn status Lost status Source of classification or shelving scheme Damaged status Not for loan Home library Current library Shelving location Date acquired Total Checkouts Full call number Barcode Date last seen Copy number Price effective from Koha item type
    Dewey Decimal Classification     Historic collection Historic collection Historic collection 01/05/2012   QUARTO 1872 LYELL VOL 1 30078002 06/08/2019 1 06/08/2019 Book
    Dewey Decimal Classification     Historic collection Historic collection Historic collection 25/07/2012   QUARTO 1872 LYELL VOL 2 30078005 06/08/2019 1 06/08/2019 Book